000 008640000a22002890004500
082 _a332.1
_bSu74c
_cD
518 _a2006-08-02
530 _aDis
100 _aSunuwar, Phauda Bahadur
245 _aA comparative financial assessment analysis of joint venture banks in Nepal; a case study of Nepal Bangladesh Bank Limited and Arab Bank Limited
260 _aKathmandu, Nepal
502 _aDissertation
_bDegree in Management
_cT.U., Saraswati Multiple Campus
260 _c2003
300 _ax, 129p.
_billus.
041 _aEng
500 _aBibliography: p.80-81
650 _aBanks
650 _aBanking systems
650 _aFinancial institutions
650 _aJoint venture
650 _aCase studies
651 _aNepal
650 _aNepal Bangladesh Bank Limited
650 _aNepal Arab Bank Limited
650 _aMBS
942 _cGEN
999 _c37656
_d37656